| 000 | 005040000a22001930004500 | ||
|---|---|---|---|
| 001 | 003934 | ||
| 003 | MACL | ||
| 005 | 20150715160214.0 | ||
| 008 | 150715b xxu||||| |||| 00| 0 eng d | ||
| 040 |
_aMACL _cMACL |
||
| 041 | _aEnglish | ||
| 082 | _a324.209/BEH | ||
| 100 |
_aBahera, Hullasa _92253 |
||
| 245 |
_aThe Legendary Pilot And Live Wire Politicial _cHullasa Bahera |
||
| 260 |
_aDelhi, _c1998 _bGitanjalee Padhihari |
||
| 350 | _a61 | ||
| 650 |
_aPolitical Science _988 |
||
| 942 |
_k324 _cBK _2ddc |
||
| 999 |
_c15827 _d15827 |
||